Transferencia de calor /

Guardado en:
Autor Principal: Mills, Anthony F.
Otros Autores: Régules Ruiz-Funes, Sergio, (Traductor, tr.)
Formato: Libro
Idioma:Spanish
English
Publicado: Santafé de Bogotá ; Buenos Aires : Mcgraw-Hill/Irwin, 1994.
Materias:
Etiquetas: Agregar Etiqueta
Sin Etiquetas, Sea el primero en etiquetar este registro!
LEADER 00815nam a22002175a 4500
001 EIQ.libpla003038
008 071005s1994####ag#a#####b####001#0#spa#d
005 20071005180822.0
245 1 0 |a Transferencia de calor /  |c Anthony F. Mills ; versión en español de Sergio de Régules Ruiz-Funes. 
260 |a Santafé de Bogotá ;  |a Buenos Aires :  |b Mcgraw-Hill/Irwin,  |c 1994. 
300 |a xxviii, 932 p. :  |b il. ;  |c 23 cm. 
500 |a Título original en inglés: Heat transfer. 
504 |a Incluye referencias bibliográficas e índice. 
020 |a 8480861940 
100 1 |a Mills, Anthony F. 
700 1 |a Régules Ruiz-Funes, Sergio,  |e tr.  |4 trl 
650 4 |a Calor  |x Transferencia. 
650 4 |a Heat  |x Transfer. 
040 |a AR-BbSID  |b spa  |c AR-BbSID 
041 1 |a spa  |h eng 
859 |a AR-BbSID  |b BIB. PLAPIQUI  |h 536.2  |i M 65  |p 4883